000 00262nam a22001217a 4500
008 180220b xxu||||| |||| 00| 0 eng d
041 _aeng
080 _a321
100 _a19
101 _aSHP
245 _aStabilization Policy
_cOfficer, L.H
942 _2udc
_cBK
999 _c42905
_d42905